000 00482nam a2200193Ia 4500
005 20140405075007.0
008 140130s9999 xx 000 0 und d
020 _a0439808073
050 _aPZ 7
_b.R435 2006
100 _aRees, Peter
_931065
245 _cPeter Rees.
_aReturn of the wolves /
260 _bScholastic,
_c2006.
_aUSA :
300 _a16 p. :
_bcol. ill. ;
_c19 cm.
440 _v1
_931066
521 _aG3
526 _c590
942 _cBK
_2lcc
999 _c40733
_d40733